Statistics for Celebrity Deaths.

Click here to take the quiz!

General Stats

  • This quiz has been taken 492 times
  • The average score is 5 of 22

Answer Stats

HintAnswer% Correct
Cardiac Arrest (Homicide,) June 25th 2009, Aged 50Michael Jackson
66%
Alcohol Poisoning; 23rd July 2011, Aged 27Amy Winehouse
65%
Drowned (Due to Drugs); February 11th 2012, Aged 48Whitney Houston
65%
Suicide; April 5th 1994, Aged 27Kurt Cobain
62%
Murdered; 8th December 1980, Aged 40John Lennon
53%
Animal Attack; September 4th 2006, Aged 44Steve Irwin
47%
Drug Overdose; January 22nd 2008, Aged 28Heath Ledger
39%
Drug overdose; August 5th 1962, Aged 36Marilyn Monroe
29%
Murdered (Shot); March 31st 1995, Aged 23Selena
15%
Murdered; April 1st 1984, Aged 44Marvin Gaye
14%
Car Accident; April 25th 2002, Aged 30Lisa Lopes
11%
Stroke; January 24 1965, Aged 90Winston Churchill
7%
Lung Cancer; May 17th 2012, Aged 63Donna Summer
6%
Stroke; 8th April 2013, Aged 87Margaret Thatcher
6%
Liver tumour (Respiratory failure); July 1st 2004, Aged 80Marlon Brando
6%
Heart Attack; July 29th 1974, Aged 32Cass Elliot
5%
Natural Causes; June 29th 2003, Aged 96Katharine Hepburn
5%
Stroke; April 22nd 1994, Aged 81Richard Nixon
5%
Surgical Complications; March 28th 2013, Aged 65Richard Griffiths
4%
Esophageal cancer; August 16th 1948, Aged 53Babe Ruth
3%
Heart Failure; January 23rd 1989, Aged 84Salvador Dalí
3%
Emphysema; December 22nd 1989, Aged 83Samuel Beckett
2%

Score Distribution

Percentile by Number Answered

Percent of People with Each Score

Your Score History

You have not taken this quiz